Statistics for Oscar-Winning Disney Songs

Click here to take the quiz!

General Stats

  • This quiz has been taken 143 times
  • The average score is 5 of 10

Answer Stats

YearSong% Correct
2013Let It Go
79%
1991Beauty and the Beast
76%
1992A Whole New World
69%
1940When You Wish Upon a Star
67%
1994Can You Feel The Love Tonight
61%
1989Under the Sea
61%
1995Colors of the Wind
55%
1999You'll Be In My Heart
42%
1964Chim Chim Cher-ee
20%
1946Zip-a-Dee-Doo-Dah
18%

Score Distribution

Percentile by Number Answered

Percent of People with Each Score

Your Score History

You have not taken this quiz